Statistics for Most Read Books Published in 2022

Click here to take the quiz!

General Stats

  • This quiz has been taken 2 times
  • The average score is 2 of 15

Answer Stats

AuthorBook% Correct
Colleen HooverIt Starts with Us
100%
Jenette McCurdyI'm Glad My Mom Died
50%
Lucy FoleyThe Paris Apartment
50%
Stacy WillinghamA Flicker in the Dark
0%
Emily HenryBook Lovers
0%
Taylor Jenkins ReidCarrie Soto is Back
0%
Carley FortuneEvery Summer After
0%
Tessa BaileyHook, Line, and Sinker
0%
Sarah J. MaasHouse of Sky and Breath
0%
Bonnie GarmusLessons in Chemistry
0%
Ali HazelwoodLove on the Brain
0%
Colleen HooverReminders of Him
0%
Nita RoseThe Maid
0%
Lucy ScoreThings We Never Got Over
0%
Gabrielle ZevinTomorrow, and Tomorrow, and Tomorrow
0%

Score Distribution

Percentile by Number Answered

Percent of People with Each Score

Your Score History

You have not taken this quiz